000 01086nam a2200301 a 4500
001 000009112
003 DO-SdBNP
005 20250129121827.0
007 ta
008 090928s1983 dr r 001 e spa d
040 _aDO-SdBNP
_bspa
_cBNPHU
082 4 _aRD861.4409
_bP966p
_222
100 1 _aProsdocimi de Rivera, María del Carmen
_923766
245 1 3 _aLa poesía de Freddy Gatón Arce :
_buna interpretación /
_cMaría del Carmen Prosdocimi de Rivera.
260 _aSanto Domingo :
_bSiboney,
_c1983.
_fTaller
300 _a157 p. ;
_c21 cm.
490 1 _aContemporáneos
_v6
500 _aIncluye datos biográficos de la autora en la solapa.
504 _aIncluye referencias bibliográficas y notas al pie de páginas.
504 _aBibliografía : p. 147-153.
590 _aInventariado, 2018/BT
600 1 0 _aGatón Arce, Freddy,
_d1920-1994
_xCrítica e interpretación
_97946
650 4 _aPoesía dominicana
_966
650 0 _aLiteratura dominicana.
_967
830 0 _aContemporáneos
_n6
_923768
910 _aValidado. Control de calidad. EMS
942 _2ddc
_cLBS1
999 _c8876
_d8876